000 00694nam a2200229 a 4500
999 _c2137
_d2137
001 2137
003 BD-JhCC
005 20171030105419.0
008 171030s1981 bg |||| ||a| 000 0 ben d
020 _a9844650437
035 _a(BD-JhCC)2137
040 _aBD-JhCC
_dBD-JhCC
041 _aben
082 _a891.4409
_bHAQ 1981
100 _aহক, হাসান আজিজুল
245 _aকথাসাহিত্যের কথকতা /
_cহাসান আজিজুল হক
260 _aঢাকা :
_bসাহিত্য প্রকাশ,
_c১৯৮১.
300 _a154 p. :
_c21 cm.
650 _aBengali Literature
942 _2ddc
_cBK